• 首页
  • 本馆介绍
  • 公告通知
  • 最新文献
  • 馆藏检索
  • 电子资源
  • 读者导购
  • 参考咨询
  • 我的图书馆
  • 登录
  • 详细信息显示
  • 放入我的书架
  • 预约/预借图书
  • 作者相关作品
  • 分类相关作品
  • 丛书相关作品
  • 出版社相关作品

书目信息

  • 表格格式
  • 工作单格式
  • 卡片格式
题名:
糖化学
    
 
作者: 蔡孟深 , 李中军 主编
分册:  
出版信息: 北京   化学工业出版社  2007.02
页数: 440页
开本: 26cm
丛书名:
单 册:
中图分类: Q53
科图分类:
主题词: 碳水化合物--生物化学
电子资源:
ISBN: 978-7-5025-9294-3
000 00742nam0 2200217 450
001 0935090379
005 20110831163528.96
010    @a978-7-5025-9294-3@dCNY69.00
100    @a20091211d2007 km y0chiy0120 ea
101 0  @achi
102    @aCN@b110000
200 1  @a糖化学@Atang hua xue@e基础、反应、合成、分离及结构@f蔡孟深,李中军主编@Fcai meng shen,li zhong jun zhu bian
210    @a北京@c化学工业出版社@d2007.02
215    @a440页@d26cm
517 1  @a基础、反应、合成、分离及结构@Aji chu、fan ying、he cheng、fen li ji jie gou
606 0  @a碳水化合物@x生物化学
690    @aQ53@v5
701  0 @a蔡孟深@Acai meng shen@4主编
701  0 @a李中军@Ali zhong jun@4主编
801  0 @aCN@b山东省滨州职业学院图书馆@c20110831
905    @aBZT@dQ53@e1
    
    糖化学:基础、反应、合成、分离及结构/蔡孟深,李中军主编.-北京:化学工业出版社,2007.02
    440页;26cm
    
    
    ISBN 978-7-5025-9294-3:CNY69.00
    
●
相关链接 在五车中查询图书 在当当中查询图书 在豆瓣中查询图书


正题名:糖化学     索取号:Q53/1         预约/预借

序号 登录号 条形码 馆藏地/架位号 状态 备注
1 726088   2000726088   样本书库/样005架A面1层1列/ [索取号:Q53/1] 在馆    
2 726089   2000726089   中心书库中库/ 中库042架B面3列3层45/ [索取号:Q53/1] 在馆    
3 726090   2000726090   中心书库中库/ 中库042架B面3列3层39/ [索取号:Q53/1] 在馆    
4 726091   2000726091   中心书库中库/ 中库042架B面3列3层40/ [索取号:Q53/1] 在馆    
5 726092   2000726092   中心书库中库/ 中库042架B面3列3层46/ [索取号:Q53/1] 在馆    
6 726093   2000726093   中心书库中库/ 中库042架B面3列3层35/ [索取号:Q53/1] 在馆    
7 791719   2000791719   中心书库中库/ 中库042架B面3列3层43/ [索取号:Q53/1] 在馆    
8 791720   2000791720   中心书库中库/ 中库042架B面3列3层36/ [索取号:Q53/1] 在馆    
9 791721   2000791721   中心书库中库/ 中库042架B面3列3层37/ [索取号:Q53/1] 在馆    
10 792481   2000792481   中心书库中库/ 中库042架B面3列3层44/ [索取号:Q53/1] 在馆    
11 792482   2000792482   中心书库中库/ 中库042架B面3列3层38/ [索取号:Q53/1] 在馆    
12 792483   2000792483   中心书库中库/ 中库042架B面3列3层47/ [索取号:Q53/1] 在馆    
13 792484   2000792484   中心书库中库/ 中库042架B面3列3层41/ [索取号:Q53/1] 在馆    
14 792485   2000792485   中心书库中库/ 中库042架B面3列3层42/ [索取号:Q53/1] 在馆    
15 792486   2000792486   中心书库中库/ 中库042架B面3列3层48/ [索取号:Q53/1] 在馆    
山东省滨州职业学院图书馆 欢迎您!
大连网信软件有限公司© 版权所有